000 00681nam a2200193 i 4500
001 71532
003 ES-MaACL
005 20250630225026.0
007 t|
008 040812s1929 sp ||||1| spa d
100 1 _aGenovés Amorós, Vicente.
_956342
245 1 0 _aEstancia en Valencia del Rey Don José I
_b: conferencia... /
_cVicente Genovés Amorós ; prólogo de Luis Pericot García.
260 _aValencia :
_b[s.n.,
_c1929] (
_fHijos de F. Vives Mora)
300 _a38 p. ;
_c25 cm.
500 _aRetrato del rey D. José I en la cubierta del libro.
700 1 _aPericot, Luis,
_d1899-1978
_991262
852 _aES-MaACL
_j1752-F-21
999 _c71532
_d71532